Biblioteca

El gozo del ministerio pastoral / Luis Gabriel César Isunza (Registro nro. 43214)

Detalles MARC
000 -LÍDER
Campo fijo de descripción fija 007700000a22002170004500
020 ## - NÚMERO INTERNACIONAL NORMALIZADO PARA LIBROS
Número Internacional Normalizado del libro 978-0-311-42119-0
082 04 - NÚMERO DE CLASIFICACIÓN DECIMAL DEWEY
Número de clasificación G 253 I879g
001 - NÚMERO DE CONTROL
Campo de control 14334
100 1# - ASIENTO PRINCIPAL--NOMBRE PERSONAL
Nombre personal César Isunza, Luis Gabriel
245 10 - TÍTULO
Título del Material El gozo del ministerio pastoral / Luis Gabriel César Isunza
260 ## - PUBLICACIÓN, DISTRIBUCIÓN, ETC. (PIE DE IMPRENTA)
Lugar de publicación, distribución, etc. El Paso, Texas : Mundo Hispano
300 ## - DESCRIPCIÓN FÍSICA
Extensión 94 p.
336 ## - CONTENT TYPE
Content type term texto
Content type code txt
Source rdacontent
337 ## - MEDIA TYPE
Source rdamedia
Media type term sin mediación
Media type code n
338 ## - CARRIER TYPE
Source rdacarrier
Carrier type term volumen
Carrier type code nc
501 ## - NOTA DE “CON”
Nota de Contenido Rústico
505 00 - NOTA DE CONTENIDO
Nota de contenido con formato preestablecido El llamado de Dios al ministerio -- La relación con Dios -- La relación con la familia -- La relación con la iglesia -- La relación con el mundo -- La relación con otros pastores
650 14 - ASIENTO SECUNDARIO DE MATERIA - TERMINO TEMÁTICO
Término temático o nombre geográfico como elemento de entrada LABOR PASTORAL
942 ## - TIPO DE MATERIAL (KOHA)
Tipo de Item KOHA Libros General
Existencias
Estado de Material Estado de Perdido Estado de Dañado No para Préstamo Colección Tomo Biblioteca de Origen Biblioteca Permanente Fecha de Adquisición Total de Préstamos Signatura Topográfica Código de Barras Última vez visto Última vez Préstado Ejemplar/Existencia Fecha de Remplazo Tipo de Material
        Colección General   Biblioteca FUSBC Biblioteca FUSBC 19/07/2013 3 G 253 I879g 17926 12/12/2019 28/08/2018 1 26/01/2016 Libros General

Biblioteca FUSBC | Teléfono: (57+4) 349 88 10 Ext. 141| WhatsApp (+57) 3005338115 
E-mail: biblioteca@unisbc.edu.co | Calle 76 87-14 Robledo Palenque, Medellín, Colombia

Con tecnología Koha